000 00656nam a2200193Ia 4500
005 20250923145246.0
008 008 250917s9999 xx 000 0 eng d
037 _aTextual
040 _aDSWL
_beng
_cDSWL
041 _aeng
_2eng
084 _aYX,z1;6-P8.56rN63, N63
_qDSWL
245 4 _aThe Organization of after care report of the advisory council on the treatment of offenders
_cby Her Majestys Stationary Office
260 _aLondon
_bHer Majestys Stationary Office
_c1963
300 _aix,351p.
365 _aINR
_b6 .6
925 _g6 .6
942 _cTEXL
_hYX,z1;6-P8.56rN63, N63
999 _c1449080
_d1449080